AJR Trivia Quiz - Statistics

General Stats
  • This quiz has been taken 540 times
  • The average score is 9 of 15
Answer Stats
Question Answer % Correct
Which of these is not an album by AJR? I'm Ready
94%
Which famous toy made it's way into one of their songs? Legos
89%
What instrument is featured in "Burn the House Down"? Trumpet
87%
Which of these singers did the AJR brothers collaborate with? Rivers Cuomo
84%
Which brother does not have a beard? Ryan
75%
Which brother is the oldest? Adam
74%
Which of these songs is not off of "OK Orchestra" "The Entertainment's Here"
73%
Where are the brothers from? New York, NY
64%
What show does "Netflix Trip" center around? "The Office"
58%
Which of these celebrities is not mentioned in one of their songs? Adele
47%
Which of these songs does not feature Ryan singing solo? Karma
40%
What is the last name of the boys? Metzger
40%
Which brother is currently dating? Jack
37%
Which of these songs charted on Billboard? "Sober Up"
33%
Which movie did the AJR brothers create a song for? "The SpongeBob Movie"
31%
No matching quizzes found
Score Distribution
Percent of People with Each Score
Percentile by Number Answered
Your Score History
You have not taken this quiz